Bezpečnosť na pracovisku
Nariadenie vlády SR č. 391/2006 Z. z. o minimálnych bezpečnostných a zdravotných požiadavkách na pracovisko. Povinnosti zamestnávateľa v oblasti BOZP. Požiadavky na bezpečnosť a ochranu zdravia na pracovisku. Priestorové požiadavky na pracovisko bez denného osvetlenia. Šatne a zamykateľné skrinky. S...
Salvato in:
| Autore principale: | |
|---|---|
| Natura: | Capitolo di libro |
| Lingua: | slovacco |
| Soggetti: | |
| Tags: |
Nessun Tag, puoi essere il primo ad aggiungerne!!
|
MARC
| LEADER | 00000naa a2200000 4500 | ||
|---|---|---|---|
| 001 | 0246308 | ||
| 005 | 20180711110239.0 | ||
| 041 | 0 | |a slo | |
| 044 | |a SK | ||
| 245 | 1 | 0 | |a Bezpečnosť na pracovisku |c Miroslav Tichý |
| 520 | |a Nariadenie vlády SR č. 391/2006 Z. z. o minimálnych bezpečnostných a zdravotných požiadavkách na pracovisko. Povinnosti zamestnávateľa v oblasti BOZP. Požiadavky na bezpečnosť a ochranu zdravia na pracovisku. Priestorové požiadavky na pracovisko bez denného osvetlenia. Šatne a zamykateľné skrinky. Sprchy, umývadlá, záchody. | ||
| 610 | 2 | 0 | |a pracovisko |
| 610 | 2 | 0 | |a bezpečnosť práce |
| 610 | 2 | 0 | |a ochrana zdravia |
| 610 | 2 | 0 | |a legislatíva |
| 610 | 2 | 0 | |a zamestnávatelia |
| 610 | 2 | 0 | |a povinnosti zamestnávateľov |
| 610 | 2 | 0 | |a zamestnanci |
| 100 | 1 | |a Tichý, Miroslav | |